Normal view
MARC view
- Tiedemann, Benno von
Entry Personal Name
001 - CONTROL NUMBER
- control field: 50353
003 - CONTROL NUMBER IDENTIFIER
- control field: NUST
005 - DATE AND TIME OF LATEST TRANSACTION
- control field: 20210314134612.0
008 - FIXED-LENGTH DATA ELEMENTS
- fixed length control field: 210314|| aca||aabn | a|a d
040 ## - CATALOGING SOURCE
- Original cataloging agency: NUST
- Transcribing agency: NUST
100 ## - HEADING--PERSONAL NAME
- Personal name: Tiedemann, Benno von
670 ## - SOURCE DATA FOUND
- Source citation: Work cat.: (NUST): Tiedemann, Benno von., The siege operations in the campaign against France, 1870-71, 1877.
